| 000 | 00493nam a22001817a 4500 | ||
|---|---|---|---|
| 003 | OSt | ||
| 005 | 20220107122839.0 | ||
| 008 | 180525b xxu||||| |||| 00| 0 eng d | ||
| 040 | _cIIITMK | ||
| 100 |
_aVishak Jayaraj P (92216026) _914075 |
||
| 245 | _aFIRE OPS (Dependency mapping) | ||
| 300 | _aMSC DA 2016-2018 | ||
| 502 |
_bMSC DA _c2016-2018 _dINT _eDr. Manoj Kumar T K |
||
| 650 |
_aFIRE OPS _914076 |
||
| 650 |
_aMACHINE LEARNING _914077 |
||
| 650 |
_aELK STACK _914078 |
||
| 942 |
_2ddc _cPR |
||
| 999 |
_c6066 _d6066 |
||